Отчего зависит мелководье рек: материалы по исследованию режима рек вообще и в частности р. Припяти, в связи с метеорологическими исследованиями

ग्रंथसूची विवरण
मुख्य लेखक: Оппоков Е. В.
सारांश:Из журнала "Сельское хозяйство и лесоводство" 1900 г. , декабрь
भाषा:रूसी
प्रकाशित: Санкт-Петербург, Типография Спб Градоначальства, 1901
विषय:
स्वरूप: पुस्तक
KOHA link:https://koha.lib.tpu.ru/cgi-bin/koha/opac-detail.pl?biblionumber=320979

MARC

LEADER 00000nam0a2200000 4500
001 320979
005 20231102003329.0
035 |a (RuTPU)RU\TPU\book\346510 
090 |a 320979 
100 |a 20160803d1901 km y0rusy50 ca 
101 0 |a rus 
102 |a RU 
105 |a a z 000zy 
200 1 |a Отчего зависит мелководье рек  |e материалы по исследованию режима рек вообще и в частности р. Припяти, в связи с метеорологическими исследованиями  |f Е. В. Оппоков 
210 |a Санкт-Петербург  |c Типография Спб Градоначальства  |d 1901 
215 |a 80 с.  |c ил. 
300 |a Из журнала "Сельское хозяйство и лесоводство" 1900 г. , декабрь 
606 1 |a Реки  |x Гидрология  |2 stltpush  |3 (RuTPU)RU\TPU\subj\6724  |9 34533 
610 1 |a водный режим 
610 1 |a исследование 
610 1 |a метеорологические наблюдения 
610 1 |a мелкововье 
610 1 |a уровень воды 
610 1 |a сток 
610 1 |a расчеты 
675 |a 556.53  |v 4 
700 1 |a Оппоков  |b Е. В. 
801 1 |a RU  |b 63413507  |c 20160803 
801 2 |a RU  |b 63413507  |c 20200623  |g RCR 
942 |c BK